书目信息 |
| 题名: |
企业经济管理与会计实践创新
|
|
| 作者: | 王道平 , 李春梅 , 房德山 著 | |
| 分册: | ||
| 出版信息: | 长春 吉林人民出版社 2020 |
|
| 页数: | 236页 | |
| 开本: | 24cm | |
| 丛书名: | ||
| 单 册: | ||
| 中图分类: | F272 , F275.2 | |
| 科图分类: | ||
| 主题词: | 企业管理--qi ye guan li , 企业会计--qi ye hui ji | |
| 电子资源: | ||
| ISBN: | 978-7-206-17141-3 | |
| 000 | 00930nam0 2200277 450 | |
| 001 | 2159515881 | |
| 005 | 20211011172912.0 | |
| 010 | @a978-7-206-17141-3@dCNY50.00 | |
| 100 | @a20210305d2020 em y0chiy0120 ea | |
| 101 | 0 | @achi |
| 102 | @aCN@b220000 | |
| 105 | @ay z 000yy | |
| 106 | @ar | |
| 200 | 1 | @a企业经济管理与会计实践创新@Aqi ye jing ji guan li yu hui ji shi jian chuang xin@f王道平,李春梅,房德山著 |
| 210 | @a长春@c吉林人民出版社@d2020 | |
| 215 | @a236页@d24cm | |
| 330 | @a本书共十章,包括经济学概述、企业管理基础、企业战略管理、企业组织管理与经营环境、企业经营计划管理、企业人事制度等内容。 | |
| 606 | 0 | @a企业管理@Aqi ye guan li |
| 606 | 0 | @a企业会计@Aqi ye hui ji |
| 690 | @aF272@v5 | |
| 690 | @aF275.2@v5 | |
| 701 | 0 | @a王道平@Awang dao ping@4著 |
| 701 | 0 | @a李春梅@Ali chun mei@4著 |
| 701 | 0 | @a房德山@Afang de shan@4著 |
| 801 | 0 | @aCN@b百万庄@c20211009 |
| 905 | @b1307888-891@dF272@e1820@f4 | |
| 企业经济管理与会计实践创新/王道平,李春梅,房德山著.-长春:吉林人民出版社,2020 |
| 236页;24cm |
| ISBN 978-7-206-17141-3:CNY50.00 |
| 本书共十章,包括经济学概述、企业管理基础、企业战略管理、企业组织管理与经营环境、企业经营计划管理、企业人事制度等内容。 |
| ● |
| 相关链接 |
|
|
|
|
正题名:企业经济管理与会计实践创新
索取号:F272/1820
 
预约/预借
| 序号 | 登录号 | 条形码 | 馆藏地/架位号 | 状态 | 备注 |
| 1 | 1307888 | 213078881 | 第一样本阅览室/ [索取号:F272/1820] | 在馆 | |
| 2 | 1307889 | 213078890 | 第一借阅区/ [索取号:F272/1820] | 在馆 | |
| 3 | 1307890 | 213078907 | 第一借阅区/ [索取号:F272/1820] | 在馆 | |
| 4 | 1307891 | 213078916 | 第一借阅区/ [索取号:F272/1820] | 在馆 |